[Event "Collado Villalba op-B 36th"]
[Site "Collado Villalba"]
[Date "2019.08.31"]
[Round "9"]
[White "Palomino Menendez, Salvador"]
[Black "Fernandez Lopez, Jaime"]
[Result "1-0"]
[WhiteElo "1882"]
[BlackElo "1676"]
[PlyCount "81"]
[EventDate "2019.08.23"]
[EventType "swiss"]
[EventRounds "9"]
[EventCountry "ESP"]
[SourceTitle "CBM 192 Extra"]
[Source "Chessbase"]
[SourceDate "2019.11.06"]
[SourceVersion "1"]
[SourceVersionDate "2019.11.06"]
[SourceQuality "1"]

1. e4 d6 2. d4 Nf6 3. Nc3 g6 4. h4 Bg7 5. Be2 c5 6. Be3 Qa5 7. Qd2 cxd4 8. Qxd4 Nc6 9. Qd2 Bd7 10. f3 Rc8 11. Bh6 Bxh6 12. Qxh6 d5 13. Qd2 d4 14. Nb5 Qxd2+ 15. Kxd2 a6 16. Na3 Nh5 17. g4 Nf4 18. Rh2 Ne5 19. Nh3 Nxh3 20. Rxh3 h5 21. Rg1 b5 22. Rhh1 hxg4 23. f4 Nf3+ 24. Bxf3 gxf3 25. h5 Bc6 26. hxg6 Rxh1 27. Rxh1 fxg6 28. Kd3 b4 29. Nc4 Bb5 30. b3 Bxc4+ 31. bxc4 e5 32. Rh8+ Kd7 33. Rxc8 Kxc8 34. f5 g5 35. f6 Kd7 36. c5 g4 37. c6+ Ke6 38. c7 Kxf6 39. c8Q Kg5 40. Qf5+ Kh4 41. Kd2 1-0

[Event "Collado Villalba op-B 36th"]
[Site "Collado Villalba"]
[Date "2019.08.24"]
[Round "2"]
[White "Fernandez Lopez, Jaime"]
[Black "Camarero Izquierdo, Juan Carlos"]
[Result "1-0"]
[WhiteElo "1676"]
[BlackElo "1809"]
[PlyCount "67"]
[EventDate "2019.08.23"]
[EventType "swiss"]
[EventRounds "9"]
[EventCountry "ESP"]
[SourceTitle "CBM 192 Extra"]
[Source "Chessbase"]
[SourceDate "2019.11.06"]
[SourceVersion "1"]
[SourceVersionDate "2019.11.06"]
[SourceQuality "1"]

1. Nf3 d5 2. d4 e6 3. c4 c6 4. b3 f5 5. g3 Nf6 6. Bg2 Bd6 7. 0-0 0-0 8. Ba3 Bxa3 9. Nxa3 Nbd7 10. Nc2 Ne4 11. Nce1 f4 12. Nd3 fxg3 13. hxg3 Rf6 14. Nfe5 Rh6 15. Ng4 Rg6 16. Nge5 Nxe5 17. Nxe5 Rh6 18. Bxe4 dxe4 19. Qd2 Qe8 20. Kg2 b6 21. Qe3 Bb7 22. Rh1 Rxh1 23. Rxh1 c5 24. dxc5 bxc5 25. Qxc5 a5 26. Qc7 Ra7 27. e3 h6 28. Rd1 Kh7 29. Rd8 Qh5 30. Qb8 Qxe5 31. Qxe5 Bc6 32. Qxe6 Ra6 33. Qf5+ g6 34. Qf7# 1-0

[Event "Tres Cantos op 10th"]
[Site "Tres Cantos"]
[Date "2018.06.27"]
[Round "7.31"]
[White "Marcos Herrero, Francisco"]
[Black "Fernandez Lopez, Jaime"]
[Result "0-1"]
[WhiteElo "1907"]
[BlackElo "1651"]
[PlyCount "102"]
[EventDate "2018.06.21"]
[EventType "swiss"]
[EventRounds "9"]
[EventCountry "ESP"]
[SourceTitle "EXT 2024"]
[Source "ChessBase"]
[SourceDate "2023.10.10"]
[SourceVersion "1"]
[SourceVersionDate "2023.10.10"]
[SourceQuality "1"]

1. Nf3 Nf6 2. c4 g6 3. b4 Bg7 4. Bb2 0-0 5. g3 d6 6. Bg2 c6 7. 0-0 e5 8. d3 Re8 9. Nbd2 Nbd7 10. a4 a5 11. b5 Nf8 12. Qc2 Qc7 13. Rac1 Bf5 14. Ng5 Rac8 15. Qb3 h6 16. Nge4 Nxe4 17. Nxe4 Qd7 18. Bc3 cxb5 19. Qxb5 Qxb5 20. cxb5 Bxe4 21. Bxe4 b6 22. Bd2 Ne6 23. Be3 Nc5 24. Bxc5 dxc5 25. Bd5 Rcd8 26. e4 h5 27. Kg2 Bh6 28. Rc2 Re7 29. f4 exf4 30. gxf4 Kg7 31. f5 Rd6 32. Rcf2 Rf6 33. h4 Be3 34. Rf3 Bd4 35. Kg3 Be5+ 36. Kf2 gxf5 37. exf5 Bd4+ 38. Kg3 Re5 39. Bc4 Kf8 40. Rf4 Re3+ 41. R1f3 Re2 42. Re4 Be5+ 43. Rff4 Bxf4+ 44. Rxf4 Re5 45. d4 Rexf5 46. Rxf5 Rxf5 47. dxc5 Rxc5 48. Be2 Ke7 49. Kf4 Kf6 50. Bd3 Rc3 51. Ke4 Rxd3 0-1

[Event "Madrid San Viator op-B 30th"]
[Site "Madrid"]
[Date "2018.04.08"]
[Round "1"]
[White "Fernandez Lopez, Jaime"]
[Black "Nunez Valladares, Domingo"]
[Result "1-0"]
[WhiteElo "1651"]
[BlackElo "1405"]
[PlyCount "71"]
[EventDate "2018.04.08"]
[EventType "swiss"]
[EventRounds "9"]
[EventCountry "ESP"]
[SourceTitle "EXT 2019"]
[Source "ChessBase"]
[SourceDate "2018.10.10"]
[SourceVersion "1"]
[SourceVersionDate "2018.10.10"]
[SourceQuality "1"]

1. d4 Nf6 2. c4 e6 3. Nc3 d5 4. Bg5 Be7 5. e3 Nbd7 6. cxd5 exd5 7. Bd3 c6 8. Nf3 Nb6 9. Qc2 h6 10. Bh4 Be6 11. Rb1 0-0 12. b4 Nbd7 13. 0-0 a6 14. a4 Rc8 15. Rfc1 Ne8 16. Bg3 Nd6 17. b5 cxb5 18. axb5 a5 19. Qa2 b6 20. Nxd5 Nf6 21. Nxe7+ Qxe7 22. Qa3 Rxc1+ 23. Rxc1 Nc8 24. Qxe7 Nxe7 25. Ne5 Nh5 26. Bh4 g5 27. Bg3 Nxg3 28. hxg3 Rc8 29. Nc6 Nxc6 30. bxc6 a4 31. e4 Ra8 32. d5 Bc8 33. d6 Be6 34. Bc4 Kf8 35. Bxe6 fxe6 36. c7 1-0

[Event "Madrid San Viator op-B 28th"]
[Site "Madrid"]
[Date "2017.04.09"]
[Round "3"]
[White "Alberti Jimenez, Bernardo"]
[Black "Fernandez Lopez, Jaime"]
[Result "0-1"]
[WhiteElo "1489"]
[BlackElo "1601"]
[PlyCount "142"]
[EventDate "2017.03.26"]
[EventType "swiss"]
[EventRounds "9"]
[EventCountry "ESP"]
[SourceTitle "EXT 2019"]
[Source "ChessBase"]
[SourceDate "2018.10.10"]
[SourceVersion "1"]
[SourceVersionDate "2018.10.10"]
[SourceQuality "1"]

1. e4 g6 2. d4 Bg7 3. Nc3 d6 4. Be3 c6 5. Qd2 b5 6. f3 Nd7 7. g4 Nb6 8. h4 h5 9. g5 a5 10. Nh3 e6 11. Qf2 d5 12. e5 Ne7 13. Bd3 Nc4 14. Bc1 Qc7 15. Nd1 0-0 16. b3 Nb6 17. Ne3 Bb7 18. c3 c5 19. Bd2 c4 20. Bc2 Nc6 21. 0-0 b4 22. Nf4 Ba6 23. Rfc1 Qd7 24. Neg2 Rfc8 25. Nxh5 gxh5 26. Nf4 bxc3 27. Bxc3 Nb4 28. Bxb4 axb4 29. Nxh5 cxb3 30. axb3 Kf8 31. Nf6 Qb5 32. Rab1 Ke7 33. Kg2 Bxf6 34. exf6+ Kd7 35. Kg3 Qe2 36. h5 Qxf2+ 37. Kxf2 Rh8 38. h6 Kd6 39. f4 Nd7 40. Rh1 Bb5 41. Rb2 Rac8 42. h7 Rc3 43. Ra1 Bd3 44. Bxd3 Rxd3 45. Ra6+ Kc7 46. Rc2+ Rc3 47. Raa2 Rxh7 48. Rxc3+ bxc3 49. Kg3 Nf8 50. Rc2 Ng6 51. Rxc3+ Kd6 52. b4 Rh8 53. Ra3 Rc8 54. Kg4 Rc7 55. b5 Rb7 56. Ra6+ Kc7 57. Rc6+ Kd7 58. Rc5 Rb8 59. Kg3 Ra8 60. b6 Rc8 61. Ra5 Rb8 62. Ra7+ Ke8 63. b7 Kd7 64. Kg4 Kc7 65. f5 exf5+ 66. Kxf5 Rxb7 67. Ra5 Kc6 68. Ra6+ Kb5 69. Rd6 Kc4 70. Rd8 Kxd4 71. Rf8 Nxf8 0-1

[Event "Madrid San Viator op-B 28th"]
[Site "Madrid"]
[Date "2017.03.26"]
[Round "1"]
[White "Mora Gonzalez Rojas, Francisco"]
[Black "Fernandez Lopez, Jaime"]
[Result "0-1"]
[WhiteElo "1294"]
[BlackElo "1601"]
[PlyCount "132"]
[EventDate "2017.03.26"]
[EventType "swiss"]
[EventRounds "9"]
[EventCountry "ESP"]
[SourceTitle "EXT 2019"]
[Source "ChessBase"]
[SourceDate "2018.10.10"]
[SourceVersion "1"]
[SourceVersionDate "2018.10.10"]
[SourceQuality "1"]

1. e4 g6 2. Nf3 Bg7 3. Bc4 d6 4. h3 Nf6 5. d3 0-0 6. 0-0 c5 7. Nc3 Nc6 8. a3 Bd7 9. Rb1 a5 10. Bf4 Nd4 11. Nxd4 cxd4 12. Nd5 Nxd5 13. Bxd5 e5 14. Bg3 Bc6 15. Bxc6 bxc6 16. f4 Qd7 17. fxe5 dxe5 18. Rf3 Rab8 19. Qd2 Qc7 20. c3 c5 21. c4 Rb3 22. Qc2 Rfb8 23. Kf1 Qb7 24. Rf2 Rxa3 25. bxa3 Qxb1+ 26. Qxb1 Rxb1+ 27. Ke2 Ra1 28. Rf1 Rxa3 29. Rb1 h5 30. Rb5 a4 31. Rxc5 Ra2+ 32. Kf3 Rd2 33. Bxe5 Bxe5 34. Rxe5 Rxd3+ 35. Ke2 Rc3 36. c5 a3 37. Re8+ Kg7 38. Ra8 Kf6 39. c6 Ke5 40. c7 Rxc7 41. Rxa3 Kxe4 42. Kd2 Rb7 43. Ra2 f5 44. Ke1 Rb3 45. Rd2 d3 46. Kf2 Rc3 47. Ke1 Ke3 48. Kd1 Rc2 49. Rxc2 dxc2+ 50. Kxc2 Kf2 51. g4 fxg4 52. hxg4 hxg4 53. Kd2 g3 54. Kd1 g2 55. Kd2 g1Q 56. Kd3 Qe1 57. Kd4 Qe2 58. Kd5 Qe3 59. Kd6 Qe4 60. Kd7 Qe5 61. Kd8 Qg7 62. Ke8 Ke3 63. Kd8 Kd4 64. Kc8 Kc5 65. Kb8 Kb6 66. Kc8 Qc7# 0-1